| 000 | 00938nmc a2200325 a 4500 | ||
|---|---|---|---|
| 003 | AR-BaBNM | ||
| 005 | 20251128204442.0 | ||
| 008 | 011101s1993 ||||||||||||||000 | spa|| | ||
| 020 | _a84-7509-899-1 | ||
| 040 | _cAR-BaBNM | ||
| 100 | 1 | _aVayer, Pierre | |
| 245 | 1 | 0 |
_aUna ecología de la escuela _bla dinámica de las estructuras materiales |
| 260 |
_aBarcelona _bPaidós _c1993 |
||
| 300 | 0 |
_a203 p. _bil., diagr. |
|
| 490 | 0 |
_aPaidós Educador _vv. 108 |
|
| 504 | _aBibliografía: p. 199-203 | ||
| 650 | 4 | _aMATERIAL DE LA CLASE | |
| 650 | 4 | _aEDIFICIOS ESCOLARES | |
| 650 | 4 | _aMOBILIARIO ESCOLAR | |
| 650 | 4 | _aAMBIENTE EDUCACIONAL | |
| 650 | 4 | _aNORMAS DE CONSTRUCCION | |
| 650 | 4 | _aORGANIZACION ESCOLAR | |
| 650 | 4 | _aTRABAJO EN EQUIPO | |
| 650 | 4 | _aRELACION FAMILIA-ESCUELA | |
| 700 | 1 | _aDuval, Amand | |
| 700 | 1 | _aRoncin, Charles | |
| 700 | 1 |
_aMagnet Ferrero, Alberto _etraductor |
|
| 942 | _cBK | ||
| 998 | _cSILVI | ||
| 999 |
_c7478 _d7478 |
||